|
|
|
|
| LEADER |
00000naa2a2200000 4500 |
| 001 |
384295 |
| 005 |
20231101063232.0 |
| 035 |
|
|
|a (RuTPU)RU\TPU\prd\10854
|
| 090 |
|
|
|a 384295
|
| 100 |
|
|
|a 20030220a2002 k y0rusy50 ca
|
| 101 |
0 |
|
|a rus
|
| 102 |
|
|
|a RU
|
| 200 |
1 |
|
|a Схемотехника световых сканеров
|f А. Самарин
|
| 225 |
1 |
|
|a Основы схемотехники
|
| 320 |
|
|
|a Библиогр.: 8 назв.
|
| 461 |
|
1 |
|0 (RuTPU)RU\TPU\prd\2494
|t Схемотехника
|o научно-технический журнал
|d 2002-2007
|
| 463 |
|
1 |
|0 (RuTPU)RU\TPU\prd\2502
|t № 3
|v С. 17-22
|d 2002
|
| 610 |
1 |
|
|a световые сканеры
|
| 610 |
1 |
|
|a световое оформление
|
| 610 |
1 |
|
|a блок-схемы
|
| 700 |
|
1 |
|a Самарин
|b А.
|g Александр
|
| 801 |
|
1 |
|a RU
|b 63413507
|c 20030220
|g PSBO
|
| 801 |
|
2 |
|a RU
|b 63413507
|c 20131217
|g RCR
|
| 942 |
|
|
|c BK
|